عرض عادي
عرض مارك
- Outcome and Process Assessment (Health Care)
مدخل مصطلح موضوعي
001 - رقم الضبط
- حقل الضبط: 38200
003 - معرف رقم الضبط
- حقل الضبط: OSt
005 - تاريخ ووقت أخر عملية
- حقل الضبط: 20131026130556.0
008 - عناصر بيانات ثابتة الطول
- حقل تحكم ثابت الطول: 131026|||a|||||| | ||| d
040 ## - مصدر الفهرسة
- هيئة الفهرسة الأصلية: OSt
- وكالة الكتابة: OSt
150 ## - مدخل-- مصطلح تاريخي
- عنصر مدخل المصطلح الموضوعي او الاسم الجغرافي: Outcome and Process Assessment (Health Care)
670 ## - بيانات المصدر موجوده
- الاستشهاد بالمصدر: Work cat.: (OSt)0: Hicks, Carolyn. 38198, Research methods for clinical therapists :, c2009.
